000 00508nam a2200169 a 4500
005 20240924065307.0
008 991125 1964 uni 000 0 spa u
035 _aUPN01000038457
049 _aCG
050 4 _aLB2331
_bL4.4
100 1 _aLins, L. Joseph
245 1 0 _aMethodology of enrollment projections for colleges and universities /
_cL. Joseph Lins.
260 _aUnited States :
_bAACRAO,
_c1964.
300 _aix, 67 p.
650 7 _aEducación superior
_zEstados Unidos
_2
_915203
905 _aLibro
999 _c38457
_d38457